=LDR 00000nam 2200000 4500 =001 INLIS000000000046887 =005 20150525114006.0 =006 =007 =008 =035 ##$$0010-051500000000146 =040 ##$$a NBPDMAT =082 ##$$a 302.309 598 =090 ##$$a 302.309 598 $b Meg i =100 ##$$a Mega Damayanti =245 ##$$a Indonesia peduli / Mega Damayanti, Hertiana Dwi Putri =260 ##$$a Jakarta : $b Inspira Mediatama, [20...?] =300 ##$$a 241 hlm. : $b ilus. ; $c 21 cm. =650 ##$$a Indonesia Peduli =990 ##$$a 31500341 =990 ##$$a 0001/BPAP-NTB/20142015